Pisma zebrane
| Titel: | Pisma zebrane / Stefan Żeromski |
|---|---|
| Teil: |
6
Ser. 2. Powieśći Syzyfowe prace |
| Verfasser: | |
| Veröffentlicht: | Warszawa : Czytelnik, 1990 |
| Umfang: | 368 S. |
| Format: | Buch |
| Sprache: | Deutsch |
| Schriftenreihe/ mehrbändiges Werk: |
Pisma zebrane / Stefan Żeromski ; 6 : Ser. 2, Powieśći alle Bände anzeigen
|
| ISBN: | 8307012686 |
| Lokale Klassifikation: | 32 10 F |
|---|
alg: 1432108 001A $00030:01-03-91 001B $01999:28-04-23 $t19:25:47.000 001C $00026:29-12-16 $t14:57:57.000 001D $00000:00-00-00 001U $0utf8 001X $00 002@ $0Afuc 003@ $0014321084 003O $0612130276 $aOCoLC 004A $083-07-01268-6 007A $0014321084 $aHEB 010@ $ager 011@ $a1990 $n1990 015@ $00 021A $a@Syzyfowe prace 028A $#Żeromski, Stefan $#Zych, Maurycy $#Katerla, Józef $#Żeromski-Zych, ... $#Žeromskij, Stefan $#Zheromskiĭ, Stefan $#Žeromśkij, Stefan $#Žeromski, Stefan $#Zeromski, Stefan $#Je-lo-mu-ssu-chi $#Ż., Stefan $#Jeromsky, Stéphane $#Zsheromski, Stefan $#Zsheromsḳi, Sṭefan $#Si te fan · Re luo mu si qi $#斯特凡·热罗姆斯基 $#斯特凡·熱羅姆斯基 $#זשעראמסקי, סטעפאן $#Re luo mu si qi $#热罗姆斯基 $#熱羅姆斯基 $#Shen lang si qi $#什朗斯奇 $#什朗斯奇 $7118808419 $8Żeromski, Stefan$Z1864-1925 [Tp1] $9087148994 033A $pWarszawa $nCzytelnik 034D $a368 S. 036C $aPisma zebrane $x16 $hStefan Żeromski $l6 036C/01 $aPowieśći $mSer. 2 036D $x16 $8Pisma zebrane / Stefan Żeromski $9009489657 045F $a800 $eDDC23BSB 045F/01 $a800 045F/03 $g438 lok: 1432108 3 101B $007-07-04 $t15:26:10.000 145S/01 $a036 145Z/01 $a246 M 0059 a Żeromski, S. 101U $0utf8 exp: 1432108 3 1 #EPN 201B/01 $027-01-02 $t00:03:35.608 203@/01 $002511994X 208@/01 $a06-06-91 $bhAa 209A/01 $a82.273.01 Bd. 6 $du $f000 $h82 273 01 / B 6 $x00 209G/01 $a63689661 $x00 247C/01 $8601000-3 <30>Frankfurt, Universitätsbibliothek J. C. Senckenberg, Zentralbibliothek (ZB) $9102598258 201U/01 $0utf8 lok: 1432108 24 101B $027-04-06 $t11:50:20.000 145Z/01 $a32 10 F 101U $0utf8 exp: 1432108 24 1 #EPN 201B/01 $027-04-06 $t11:50:20.000 203@/01 $0086209809 208@/01 $a21-01-92 $bh 209A/01 $a32 X F 1495 : 6 $du $f050 $h32 10 F 1495 / B 6 $x00 209C/01 $aK 91.3492 $h91 3492 K 209G/01 $a71369633 $x00 247C/01 $8358050-7Marburg, Bibliothek des Herder-Instituts Marburg $9102600961 201U/01 $0utf8 lok: 1432108 66 exp: 1432108 66 1 #EPN 201B/01 $018-01-10 $t15:13:13.000 201U/01 $0utf8 203@/01 $0587273143 208@/01 $a03-12-09 $br 209A/01 $aD 2 Żer/Pis-6 $du $f000 $x00 209C/01 $a97/b134GD 247C/01 $8618123-5 Darmstadt, Bibliothek des Deutschen Polen-Instituts $9102600902
| LEADER | 00000cam a2200000 cc4500 | ||
|---|---|---|---|
| 001 | 014321084 | ||
| 003 | DE-603 | ||
| 005 | 20230428192547.0 | ||
| 007 | tu | ||
| 008 | 910301s1990 xx |||| | u00||u|ger c | ||
| 020 | |a 8307012686 | ||
| 035 | |a (DE-599)HEB014321084 | ||
| 035 | |a (OCoLC)612130276 | ||
| 040 | |a DE-603 |b ger |c DE-603 |d DE-603 | ||
| 041 | |a ger | ||
| 082 | 0 | 4 | |8 1\u |a 800 |q DE-101 |2 23/BSB |
| 085 | |8 1\u |b 800 | ||
| 085 | |8 1\u |z 2 |s 438 | ||
| 100 | 1 | |a Żeromski, Stefan |d 1864-1925 |0 (DE-603)087148994 |0 (DE-588)118808419 |2 gnd | |
| 245 | 0 | 0 | |a Pisma zebrane |n 6 |n Ser. 2 |p Powieśći |p Syzyfowe prace |c Stefan Żeromski |
| 264 | 1 | |a Warszawa |b Czytelnik |c 1990 | |
| 300 | |a 368 S. | ||
| 773 | 0 | 8 | |q 16 |w (DE-603)009489657 |
| 924 | 0 | |9 30 |a (DE-603)02511994X |b DE-30 |c HES |d c |g 82.273.01 Bd. 6 | |
| 924 | 0 | |9 Mb 50 |a (DE-603)086209809 |b DE-Mb50 |c HES |d c |g 32 X F 1495 : 6 | |
| 924 | 0 | |9 Ds 123 |a (DE-603)587273143 |b DE-Ds123 |c HES |d d |g D 2 Żer/Pis-6 | |
alle Bände anzeigen

